Statistics for Geometry Dash Every Epic Demon Quiz

Click here to take the quiz!

General Stats

  • This quiz has been taken 48 times
    (41 since last reset)
  • The average score is 127 of 1078

Answer Stats

HintAnswer% Correct
motleyorcB
88%
neigefeuAcu
75%
bliChange of Scene
75%
ViPriNCybernetic Crescent
75%
ViPriNDigital Descent
75%
Xender GameWhite Space
75%
bliAbsolute Garbage
63%
KnobbelboyAstral Divinity
63%
KnobbelboyBloodlust
63%
JonathanGDBuTiTi II
63%
JonathanGDBuTiTi III
63%
DavJTCraZy
63%
DavJTCraZy II
63%
DavJTCraZy III
63%
MrSpaghettiEX
63%
haoNExtinction
63%
MrPPsFREEDOM
63%
JonathanGDFuture Funk
63%
JonathanGDFuture Funk II
63%
MindCapLIMBO
63%
KeiAsMechanic
63%
SrGuillesterNhelv
63%
AmorAltraPP
63%
1374Against the God
50%
LIEBATOMIC CANNON Mk II
50%
JonathanGDBiru
50%
Xender GameBOSS 3 Electro
50%
SerpongeCastleMania
50%
RawinDream
50%
Xender GameDream flower
50%
ViPriNHyperSonic
50%
NiTro451Impact X
50%
cherryteamKOCMOC
50%
RyanABLightning
50%
HindsMastermind
50%
TongiiMechanical Showdown
50%
im fernandoNantendo
50%
JenkinsNEUTRA
50%
HHyperOmorfia
50%
ViPriNOuroboros
50%
SamifyingSedulous
50%
raferSky Tower
50%
ViPriNSubSonic
50%
JacobROsoThe Behemoth
50%
Akame GDThe Death Moon
50%
WulzyTRIPPY TRIPPY
50%
cherryteamVoid Wave
50%
RadiationV2VVV
50%
DoramiAzure Fiesta
38%
Manix648Blade of Justice
38%
AmorAltraBoom Slayer
38%
Spu7NixBrainfugd
38%
FindexiCarnage Mode
38%
PrestaCongregation
38%
BIANOXDARKENED
38%
AbstractDarkDarkness Keeper
38%
JonathanGDDark Odyssey
38%
BronksDeadlocked 2017
38%
ViPriNDuality
38%
CDMusicEdge of Destiny
38%
JonathanGDErou
38%
AlkatrazHypnotic Travel
38%
raferin Silico
38%
ViPriNIridescent
38%
GrenateiS
38%
VoxicatiSpyWithMyLittleEye
38%
cherryteamLa Llorona
38%
EnZoreLeyak
38%
MazZedyLmao
38%
ScorchVxMagma Bound
38%
ryamuMake It Drop
38%
SerpongeMasterGame
38%
KnobbelboyMolten Gear
38%
connotNeo
38%
MaxyLANDNine Paws
38%
dolpheOcellios
38%
iIAkariIipulsar
38%
KnobbelboyRagnarok
38%
CodexRed
38%
ToastLordRed Haze
38%
DanzmenRunning in the 90s
38%
neigefeuRUST
38%
Renn241Saul Goodman
38%
DienidShiver
38%
DanzmenSlap Squad
38%
DanzmenSlap Squad II
38%
SerpongeSonic Wave Rebirth
38%
LazerBlitzSpacelocked II
38%
FerdefunkySTARPUNK
38%
Xender GameThe Eschaton
38%
AnielChasseurThe Factory
38%
16lordThe Tower
38%
DoramiThe Yandere
38%
pocketower descent
38%
XaroToxin Lab IV
38%
Xender GameUltra violence
38%
DoramiViolently X
38%
LemonsWaveBreaker
38%
cometfaceWELL RESTED
38%
DanzmenWild West
38%
motleyorcABATE
25%
DienidABEL
25%
rustereACCELERATOR
25%
SerpongeAcid Rush
25%
SerpongeAcid Rush II
25%
SerpongeAcid Rush III
25%
ShocksidianAdventure
25%
ItzKibaA Final Memorial
25%
SerpongeAlterGame XVII
25%
ZoroaA Memorable Note
25%
DavJTAnother
25%
LemonsAnoxysm
25%
ShocksidianApache
25%
StarkyTheSaladAPEX
25%
nasgubbApollo 11
25%
LemonsAquamarine
25%
Manix648Armageddon
25%
DanzmenBang Gang
25%
SeoksoBehold
25%
SubwooferBetter Than Reality
25%
AutoNickBlizzard
25%
DHanerBLOZ
25%
Splinter25Born Survivor
25%
GraxBroken Signal
25%
f3lixsramBuried Angel
25%
DankeCALYPSO BLITZ
25%
ZoroaCarne Aderunt
25%
f3lixsramCoarse
25%
SirHadokenCONK
25%
alkalidarker drop
25%
alkalidarkest drop
25%
YendisDaydream
25%
RustamDeception Dive
25%
HindsDiffuse
25%
GironDigital Disarray
25%
JeyzorDole Damos
25%
IvashkaUAdoradura
25%
ZoroaDouble Dash
25%
TeamNoXDroppy
25%
whltDRY BONES
25%
SharksEarthquake
25%
synddEnergizer
25%
DanzmenEnvY
25%
SleyGDEscape Room
25%
VrymerEternelle Vehemence
25%
YoReidFalling Maze
25%
VlaccFFFFFF
25%
NoriegaFingerdash v3
25%
GrenadeofTacosFreedom19
25%
SminxFree stars
25%
Usermatt18Frizzantino Vibes
25%
JayuffFun
25%
SkittenFusion Flare
25%
GD JoseGear III
25%
GDvesuviusGeomon
25%
DanzmenGod Yeeter
25%
notlsaHalberd
25%
Nico99Heat Wave
25%
MikeWheelerFanHellcat
25%
DanzmenHey rob rate this
25%
DHanerHold On
25%
FerdefunkyINFINITY
25%
SaabSInside
25%
ZoroaInspirative
25%
ZoroaInspirative II
25%
ZoroaInspirative III
25%
BraedenTheCrocoiX
25%
JustBasicJust Processing
25%
SpKalekr1tmas
25%
PotatoBabyLedge
25%
LazerBlitzLightning Speed
25%
DestrivLion
25%
SubwooferMegalodon
25%
DesTicYMetropolis
25%
Rockwizard5Motivation
25%
Metalface221N0
25%
NexenderNeXender Game
25%
ViPriNNine CircleX
25%
EnZoreNot a Phobia
25%
GryllexNovalis
25%
DarwinNowise
25%
SerpongeOcean Rush
25%
Team ProximaOmicron
25%
LemonsParoxysm
25%
SuperopiPopcorn
25%
DanolexPow X
25%
LakePride
25%
ItzMezzoPurgatory
25%
CustiPURGATORY
25%
ViPriNQuaoar
25%
ElviiRainbow Road
25%
Vapenredline
25%
DankeRETRO BLITZ
25%
SleyGDRGB
25%
TypicalGMDRTX ON
25%
KnotsRUSH HOUR
25%
nasgubbSaturn V
25%
BoogleeSecret Way
25%
Balloons | PocoPukichShine
25%
Nico99Shrill Hallway
25%
NikceSmile
25%
PotatoBabySpark
25%
JamAttackStarlit Realm
25%
IINimbusIIStorming Summit
25%
taliaTabasco
25%
MrLorenzoTapwreck
25%
stubbypinataTECHnos
25%
stubbypinataTECHnos II
25%
gradientxdTENDO
25%
DeniPolTenth Circle
25%
ARtuThanatophobia
25%
JamAttackThe Cellar Path
25%
Manix648The Colossus
25%
Manix648The Colossus II
25%
alkalithe fairydust
25%
DienidThe Only One
25%
InsideeThe Place
25%
YoReidThe Sulphur Sea
25%
Manix648TOE III
25%
Manix648ToE IV
25%
DarwinTOE IV
25%
zejoantvvvvvv
25%
BoogleeWhat is it
25%
LoltadWorse Trip
25%
DanzmenWratH
25%
DarwinZap
25%
DHanerZircon
25%
Diffuse163
13%
BitZel4D
13%
Jeyzor4 Matilda
13%
Serponge7 PM
13%
GoldenA2Marbl
13%
linus02abgehoben
13%
xPix3lestAbsent
13%
spuddlesabstraction
13%
NeyvaShiftAbstraction
13%
ImMaxX1ACCELERATE
13%
SminxADAMANTIUM CORE
13%
EpxaADEUS
13%
StevenKsttleAll Inside My Dreams
13%
ViPriNAltair
13%
WoomAmbiance
13%
ZecretDashA memorial
13%
LemonsAnatomic
13%
GalaxxyssAncient Magic
13%
BranSilverAnother Easy Demon
13%
FumoVaccinatorantichamber
13%
ZoroaAn Unstable Desire
13%
UnderingsApex Predator
13%
DarwinARANEO
13%
qMysticArcane
13%
Team ProximaArcturus
13%
izharARRE Robot
13%
SeoksoAsadal
13%
Alex112300Ascension
13%
ToastLordAstral Decay
13%
SharksAurora
13%
LoltadAuroral Bloom
13%
SplashBABYLON
13%
SpooFybackbeat MANIAC
13%
kodex360Backlights
13%
MaFFaKaBad Ending
13%
PipenachhoBeastmode
13%
YoReidBEATDEMON
13%
DeniPolBecome a Monster
13%
InexBISMARCK
13%
rustereBlaster
13%
raferBlood Sugar
13%
bunchblush
13%
WavBonattite
13%
NASHIIBoom headshot
13%
Xender GameBoss 4 Laser eye
13%
Nico99Bosshunter
13%
Xender GameBoss V Devourers
13%
ViralDLBRAINWAVE
13%
Split72BREAKER ROOM
13%
HelpegasuSBreaking Point
13%
BlueRimzBreakZ
13%
ArtaxFerSarhBROWNOIX
13%
WhirlBrutal Calamity
13%
MazZedyBuh
13%
JHYMHMHYBuriaL TombS
13%
VicolorBy Day By Night
13%
KyhrosBYZANTIUM
13%
LyriakiCamp Trip Eden
13%
friendlessCapital Punishment
13%
RoyalPCaput Mundi
13%
ZoroaCarpe Lucem
13%
ToughfeyChapel
13%
Zhianachoose a way
13%
GiaMmiXChopStep
13%
FerdefunkyChord Cutter
13%
ViPriNChronos
13%
SerpongeCity Rush
13%
SoDaZCloud Nine
13%
PancodeXmas
13%
paraCold Sweat
13%
NikceColorado
13%
TheRealRowConfuZion
13%
VoidSquadConvection
13%
alkalicoolio levelio
13%
CUBICCCCosta Rica II
13%
LemonsCrisis Complex
13%
RelayxCromulent
13%
YakobNuggetCrumbs
13%
SubwooferCRUSH
13%
blicrying clouds
13%
KnotsCrystal Corridor
13%
Bluskysc s q n
13%
TakumiiCyber CompositioN
13%
TongiiCybernetic Showdown
13%
JacobROsoCydonia
13%
iIRedCatIiDailen
13%
MazZedydak
13%
OSIRIS GDdalessia
13%
ArdolfDark Dungeon
13%
KeiAsDark Flare
13%
lioleoDeath Breaker
13%
JaasimDefiance
13%
VadiDelirium Tremens
13%
HTigerzGDDelusion
13%
DangnghiGDDepressive
13%
DanzmenDespacito OMG OwO
13%
Jorgem1gue7dimension
13%
BIANOXDimension Breaker
13%
SleyGDDimension Hopper
13%
DeniPolDiscoPol
13%
Epxadistortt
13%
DanzmenDown Unda
13%
Alex1304Draconic Speed
13%
ZeptozDuplication
13%
Torch121Duster
13%
LoltadDustmuncher
13%
RoyalPDystopia
13%
XanNEastal
13%
Zafkiel7ElectroLux
13%
MulpanElliptic Curve
13%
DreamTideEndless Dream
13%
R4NGERENDOG
13%
WinttereNil Noxes
13%
PipenachhoEsencia
13%
SubwooferEspionage
13%
JamesEternal Flame
13%
SpectexEvolution
13%
YendisExcursions
13%
GraxEXG
13%
DreamTideFaded Dream
13%
blifall apart
13%
DudexFire level
13%
MrLorenzoFirePower
13%
SillowFIREPOWER
13%
CirtraxFIRE SPIRE
13%
JghostFizzy Fossils
13%
SirHadokenFlicker
13%
PAHCFlipping a Coin
13%
KFAOpitarFlipside Upwards
13%
YoReidFloating Maze
13%
Latukaflora
13%
unneFool Moon Paranoid
13%
AbstractDarkFormidable Guardians
13%
Th04Forrest Gamp
13%
XaroFractured Galaxy
13%
ArdantFreefall
13%
Whippie37Frenzy
13%
alkalifrustration
13%
KittyDogeGeometrical Beats
13%
DanzmenGluttonY
13%
alkaligo go
13%
GrenadeofTacosGoldcrest Palace
13%
FreydaGoodbye II
13%
DanzmenGotta Go FAST
13%
Grenategrenate
13%
StevenKsttleGuThrie
13%
StevenKsttleGuThrie II
13%
PrismHades
13%
flashHASH
13%
MrLorenzoHaste
13%
RyanABHeart Beat
13%
SpKaleHELLFIRE
13%
X1RONHEMI
13%
f3lixsramHidden Powers
13%
F5nightHIGHWAYS
13%
DoramiHoly Power
13%
SeoksoHomecoming
13%
BIANOXHURRICANE
13%
paraHYPERMANIA
13%
Alex1304Hyperyard
13%
IronIngotI Cant Fix You
13%
kr1tIdyllic
13%
CodexInferno
13%
CastriXInterphase
13%
DangerKat | RealZoberIntershock
13%
DarwinInterstellar
13%
FaultInterstellar Infant
13%
KyhrosIon
13%
EnZorei Promise
13%
JamAttackJAM FACTORY
13%
SubwooferJudgement
13%
TeamArcadeJump Arcade
13%
AudieoVisualJUMPGRIND3R
13%
oc3andarkKanna
13%
ILRELLKey
13%
Kebabbo | f3lixsramKitty
13%
paraKlutz
13%
WoomKoenigstein
13%
TroxxP1Kolossus
13%
VecToRx GDKonniMacchiato
13%
FrostDragonGDKrakens Curse
13%
ViPriNKyrie Eleison
13%
TroxxP1Last Abyss
13%
FumoVaccinatorlayers
13%
iIBonIiLightmare
13%
hechieLUMINA
13%
akinawooLuminant
13%
NoxopLuminous Explosion
13%
OliSWLustre
13%
alkalimadness
13%
SuperopiMadness
13%
ByBoy 11Magic fire
13%
MatthewMWMagnetic Boost
13%
CustiMAGNUM OPUS
13%
DHanerMagtronic
13%
DarwinMELTDOWN
13%
Xender Gamememories
13%
AmorAltraMesin
13%
BranSilverMetal Magic
13%
cometfaceMETAL TEST
13%
NikceMil Noches
13%
InsideeMINIMUM
13%
MinityMinity II
13%
FreeedTheDolfinMIRAI Harbinger
13%
AutoNickMolrock Volcano
13%
JonathanGDMonolithos
13%
raferMonsterfest
13%
EnZoreMORYO
13%
IceKeyHammerMountain climb
13%
MikeWheelerFanMr Extinction
13%
MaxKMX11
13%
CastriXMystical Myth
13%
BlueskiiiMy Time
13%
FilaretNana
13%
MarwecNapalm
13%
LmAnubisNatures Essence
13%
ChayperNautilus
13%
Failure444ne0n
13%
RadiationV2Necromantia
13%
MaFFaKaNeliswave
13%
Xender GameNeoN 18
13%
ItzKibaNever Make It
13%
BlueRimzneXus
13%
LmAnubisNight Rider
13%
YakobNuggetNightshade
13%
KubiasNitro
13%
MazlNitro Festival
13%
TeamThrowbackNostalgic Journey
13%
NeyvaShiftNovasphere
13%
JamesNovus
13%
DominusNO WAY OUT
13%
DanzmenObamA RebirtH
13%
SuprianGDObelisk
13%
DanzmenOff
13%
DarwinOmega
13%
RagnarusOne
13%
PleoSlim RMDOne Good Day II
13%
cw2003 GBOnly In Ohio Dawg
13%
JeyzoroOo
13%
YendisOpac
13%
BIANOXOPAL
13%
varseOPSM1
13%
LemonsOrange Juice
13%
DHanerOutlive
13%
sparkOuT oF nAmE iDeAs
13%
LyalOverload
13%
KlaurosssSOvertime
13%
JeyzorOwO
13%
SuperopiPandemonium
13%
akinawooPeeled Skin
13%
ReunomiPersia
13%
FalkumaPhase III
13%
JayuffPilot
13%
vypPirouette
13%
RoyalPPista Arcobaleno
13%
LillyVXPLAY WITH FIRE
13%
LeocreatorXPolar beat
13%
Team ProximaPolaris
13%
OasisPOLYATOMIC
13%
bliPrism Peak
13%
ewopPROTOFLICKER
13%
ViotPXTTXRN SXXKXR
13%
BitZelQuantum
13%
DangerKatRadiant
13%
ImMaxX1Radiant Rift
13%
JerkRatRADIUM
13%
AlkatrazRainbow Force Z
13%
FerdefunkyRaindance
13%
LoltadRASH
13%
DanzmenRed Belly
13%
HowlerRedemption
13%
endevvorresurrection
13%
DarwinRewind
13%
pockerich hillside
13%
FumoVaccinatorritual
13%
GDSpeedRoar of Time
13%
qMysticruuun
13%
Fury0313 | OSIRIS GDSaguaro
13%
LemonsSahara
13%
FreydaSayonara
13%
cerufiffyscarlet field
13%
Team ProximaScorpius
13%
PauzeScrap
13%
LmAnubisSerpents Wrath
13%
ByBoy 11Shaking
13%
kang131shapes and beats
13%
TwisterDude161Sheol Death
13%
Renn241Shmarley Ville
13%
FilaretShockWave
13%
OliSWShutdown
13%
RadiationV2SHUTDOWN
13%
CodexSidewalk
13%
WhirlSinless Ash
13%
alkaliSkullduGGerY
13%
YakobNuggetSnowblind
13%
Linear2Solar Flare
13%
SirHadokenSonic Boom
13%
smearSOUL OR SYSTEM
13%
SerpongeSpace Magic
13%
SleyGDSpaceTime
13%
RyderSpectrum Rave
13%
RealZoberSpellBound
13%
SkittenSpirit Shackle
13%
CUBICCCSports
13%
F5nightStarlight Carnival
13%
CastriXSteel Doom
13%
neigefeustigma
13%
flashSTRANGE BOXES
13%
facusggStrange Hell
13%
DanzmenStrangers
13%
VolteXSubmersed Storm
13%
DudexSuccess
13%
N3moProdSurge of Renewal
13%
Geogamer12Surge of the Shield
13%
ZoroaSweet Melody
13%
vypSwirl
13%
JenkinsSwirling Fire
13%
VlaccSynergy
13%
DanzmenTANTRUM
13%
PleoSlim RMDTech Manifestation
13%
DavJTTemple of Time
13%
zZoomksTerrorific Factory
13%
Ka1nsThe Bandere
13%
SubwooferThe Clouds Give Way
13%
ItzKibaTHE CONDUIT
13%
EdictsThe Deathless
13%
cometfaceTHE HILLS HAVE EYES
13%
Manix648The Hydragaryu
13%
skywalker14THE LIMIT
13%
ZoroaThe Lost Faith
13%
notlsaThe Mainframe
13%
MangosteenTheory of Mangos
13%
ElisioneThe Reign Of Moira
13%
AnielChasseurThe Sea
13%
doritos1The Viper
13%
MAYEROSAThe X Files
13%
YoReidTHORNS and BRAMBLES
13%
DangerKatThumper
13%
SubwooferTomb Raver
13%
CreatorToileTopaz Temple
13%
KyhrosTORN
13%
BIANOXTORNADO
13%
SubwooferTorrential Totems
13%
PTyXaLPHaZTourbillon
13%
YakimaruTranslucent
13%
GraxTRANSTELLAR
13%
OliSWTrek
13%
rplyTrick Room
13%
PavlaxanTropical Thunder
13%
SubwooferTrue Calamity
13%
JayuffTundra
13%
raferTurbine
13%
ToastLordTwisted Fantasy
13%
FunnyGameTwo faced agony
13%
BranSilverUltramarine
13%
vypULTRA VIOLET
13%
InergyUnder lavaland
13%
SomeRandomCowUnite
13%
HowlerUpbeat Dimensions
13%
HowlerUpbeat Universe
13%
neigemanyVEIL
13%
doritos1velocity
13%
BranSilverVera
13%
OpticalVerve
13%
KlaurosssSVinterleken
13%
Splinter25Virtualization
13%
PrestaVOGUE
13%
ItzMezzoVoices
13%
SkCray AceVoices In My Head II
13%
Hypno74Voltage
13%
YendisWack
13%
mbedWe Are Not The Same
13%
DangerKatWeird
13%
Aimbotter2123Wind Storm
13%
JerkRatWings Of Angel
13%
DanzmenWorsT LvL EveR MadE
13%
gooseXenomorphosis
13%
SylvYuuta
13%
mordroc71326C
0%
Inergy1 PoinT 9
0%
kodex3601 Train
0%
RoyalP5upreme
0%
WavAblaze
0%
SamMaxxAcedia
0%
dispAcid Trip
0%
MarshMarlowAction
0%
EchonoxAd Honorem
0%
f3lixsramAdust
0%
BranSilverAerodynamics
0%
TeamNoXAgios
0%
cometfaceAIR SUPPLY
0%
distorttAkedo Tokyo
0%
EdoooxAldebaran
0%
XatzAldeydo
0%
GiaMmiXAlteration
0%
TeamHFCAlt F4
0%
vsmlnAmaterasu
0%
DanzmenAmazoN
0%
AvaKaiAmnesiac
0%
AvaKaiAmplification
0%
FlacoGDAnimatronics
0%
FlacoGDAnimatronics II
0%
distorttAnimus
0%
HTigerzGDAnother Way Home
0%
PetonAntitheus
0%
ViP3rAphasia
0%
MaxyLANDAphectry
0%
f3lixsramAqualast
0%
NEKONGAMESAquamenti
0%
LaxHDzArachnidal
0%
SirZaissArchaic
0%
JghostArchaic Artifacts
0%
f3lixsramArtifice
0%
SaabSArtificial Calamity
0%
JustBasicAscent
0%
BlueRimzAscention
0%
ItzMezzoash and dust
0%
Polarizingaster
0%
YoonsrAstral Defender
0%
MaelstromAstromium Dimensha
0%
sparkaugmentation
0%
CirtraxAumetras Wrath
0%
SirHadokenAwesome Sauce
0%
WavBackasswards
0%
MaFFaKaBallistix Funk
0%
SirHadokenBanished
0%
Fury0313Bass Night
0%
MrKoolTrixBe Exuberant
0%
ViP3rBellatrix
0%
WavBig Bang
0%
PennutohBig Boom
0%
cherryteamBinary Life
0%
YendisBlanc
0%
DangerKatBlast Engine
0%
MrLorenzoBlast Off
0%
SkittenBlast Reloaded
0%
LemonsBlitz
0%
SaabSBlue Flame
0%
MonsterVPBoblo Adventure
0%
DarwinBONUS ROUND
0%
HyenaedonBoundless
0%
FletzerBrisk
0%
VoxicatBroken Gameboy
0%
CirtraxBubbly Blast
0%
Alexcontburning chicken
0%
NukeIIXBURNOUT
0%
KlafternoByTe
0%
WinttercAniL Dupcha
0%
ViricentCapsize
0%
PisetoCaribdis
0%
DominusCARMINE
0%
Th04Celestial Caverns
0%
HannCerulean Blue
0%
GeonoxGDChaoz Overdrive
0%
DarwinChromatica
0%
PanCinci De Mayo
0%
ML500Citadel of the Skies
0%
MaykollGDClassic Pursuit
0%
albinomasterColorful Corruption
0%
NoxopCOLOR MASH
0%
HyenaedonCommitment
0%
LEALHALZITXCommon s3nse
0%
SillowConfectionery Aisle
0%
HTigerzGDConformity
0%
SleyGDContrast
0%
RelcetConvenent
0%
WavCoolog City
0%
0xNanoCosmic Rush
0%
Alex112300Craziness
0%
CastriXCrunchy Town
0%
CastriXCrunchy Town II
0%
MrClydeCua
0%
TriStormCulmination
0%
purzinCybercolossus
0%
guppy28Cyber Dream
0%
DangerKatCybernetic Tech
0%
MrMeurickDark Light
0%
swwftDEAD BEAT
0%
FlukesterDead Lands
0%
DYSCODeaDrop
0%
RehanZDeathStep
0%
elzeDeathStep II
0%
RehanZDeathstep III
0%
FaultDebug
0%
LemonsDecimation
0%
BlueLiteDeep Travel
0%
J735Deepvine Pass
0%
TexicDefective System
0%
DarwinDegenerate
0%
NeyvaShiftDeltaura
0%
FrostDragonGDDemonic Realms
0%
DudexDevelopment
0%
distorttDigital Combo
0%
DankeDISCO BLITZ
0%
DangerKat | YakimaruDispersion
0%
JerkRatDistinctive
0%
SleyGDDiverse
0%
TroxxP1Divine Descendance
0%
flashDizzying Heights
0%
distorttDoggo Busters
0%
LXVTDoomsday
0%
RoyalPDouble Trouble
0%
BizaareDraft Theory
0%
SubwooferDragon Slayer
0%
f3lixsramDreamy Abyss
0%
Darwin | SuperopiDrift
0%
Diamondgirl01duorise
0%
WerewolfGDDuration
0%
NexenderEdelliant
0%
SubwooferEdens Blessing
0%
alkaliegg
0%
xMiseryEighto
0%
LightPotato99Electrical Room
0%
DesTicYElectroCity
0%
izharElectrodynamix 2
0%
DashtrictElectrodynamixer
0%
JustJohnElectroFlux
0%
AutoNickElzeko
0%
StapsEmitter
0%
RedlixHDEngine City
0%
DeathValleyIIEnvirion
0%
SharkarieEpalze Fren
0%
WerewolfGDErrorwolf
0%
akAppleEruption
0%
classic10escuro
0%
balliEsoteric
0%
NexenderEstrefia
0%
XatzEta Carinae
0%
LmAnubisEvent Horizon
0%
DarwinEvil synthesize
0%
SvyreExhydriae
0%
qMysticExodus
0%
CUBICCCExotic
0%
EllishaExotic Energy
0%
AudieoVisualEYESTRIKE
0%
CocoXs32fangs on the earth
0%
UnderingsFarewell
0%
PleoSlim RMDFatal corrosium
0%
RyanABFeels
0%
ShocksidianFiber
0%
InergyFiery cauldron
0%
FlukesterFinalCode
0%
ItzMezzoFire and Blaze
0%
ExtroxFire And Ice
0%
RadiationV2Flappy Dynamix II
0%
NexenderFlares
0%
edenharleyForsaken Reality
0%
scrumpyFortune Teller
0%
dispFreezing Point
0%
endevvorfriday
0%
EdictsFrontlines
0%
ChlorinesFrostbound
0%
IIAnubisIFUGACIOUS II
0%
VoxicatFUNKED UP
0%
camgotbittenfuntime disco party
0%
DoramiFurY
0%
NateRavenFury of Speed
0%
dakiroFuturistic D
0%
RustamFuZe
0%
durianheadfwocl
0%
CustiGHOSTBUSTERS
0%
DavJTGhost Temple
0%
Spu7NixGlimpse
0%
swwftGLITAAHHHH
0%
8uuaGodhead
0%
SuprianGDGolden Future
0%
J735Gravitation Surge
0%
kr1tGroovin Astronaut
0%
qMysticGumshot
0%
SeoksoGUNGDIPANGPANG
0%
Alex112300Hallow Hills
0%
SubwooferHallucinate
0%
Kaii07Hardwire
0%
CirtraxHaunted Manor
0%
RealZoberHazard
0%
CUBICCCHero
0%
OSIRIS GDHexaForce
0%
Puri1Hexaria
0%
DangerKatHook echo
0%
shaggy23Hostile Apocalypse
0%
JenkinsHub
0%
DarwinHyper Beam
0%
YendisHyperCharged
0%
NateRavenHypercharged Rhythm
0%
LemonsHyperFlux
0%
DangerKatHyper Force
0%
SerenoGDHyper II
0%
CHUZA | DarwinHyperion
0%
EnZoreidk dummy
0%
OasisILLUSION OF SPACE
0%
TriPodXImmortals
0%
ewopIMOISTAR
0%
TriStormIMPULSE
0%
CirtraxImpulse Drop
0%
DarwinInception
0%
GDSlimJimIncinerator
0%
purzinIncursion
0%
NateRavenInferno Catalyst
0%
CocoXs32Infinite chase
0%
RawinIn My Mind
0%
WintterInsidiouS
0%
ChiN3xIntrusion
0%
IvashkaUAivashka
0%
JaasimJolTwave
0%
izharKaIZo
0%
SamohtKaoS
0%
RealZoberKillgore
0%
KebabboKimura
0%
distorttkiroshi
0%
RebeccaGDKita
0%
Alex1304Kotoruption
0%
Fury0313Lanthanium
0%
MrClydeLasoGoco
0%
NASHIILastLocked
0%
NASHIILaststep
0%
ArystaLemuria
0%
dakirolightning vortex
0%
BelphoxLightopolis
0%
Konsilimitless
0%
TeamNoXLineated Pearlescent
0%
ApstromLockDown
0%
DamianosKabanosLodgepace
0%
KnotsLOLLAPALOOZA
0%
InergyLost dunes
0%
ZubwaRLost Lazors
0%
f3lixsramLucidum
0%
gradientxdLUKOJE
0%
DesTicYLuma
0%
TexicLunatic Reality
0%
LaserSword33Lutetia
0%
GDZenmuronMacadam Quarry
0%
NogZMacula
0%
oafmagical Realm
0%
WhirlMagmaniac
0%
Alex112300Magmatic Mash
0%
ShutterMagnitude
0%
BowtieGDMANIC
0%
WhirlMeathook
0%
NukeNachoMeatMelter
0%
MakFeedMechanical Area
0%
R3XX3RMelodic Travel
0%
guppy28Metathesis
0%
HelpegasuSMetro Realm
0%
VicolorMidflight Skysprite
0%
icewitherMitery System
0%
ElisioneMoira Rises
0%
NukeIIXMolendinum
0%
OasisMorning Moon
0%
RealSmartishMorning Star
0%
DarwinMosaic
0%
DarwinMystic Spell
0%
NASHIIMythical descent
0%
ArdolfNADRR
0%
SimwamwiNECROSE
0%
cerufiffyNEEDLES
0%
FilaretNelly
0%
FlacoGDNemesis Prime
0%
SleyGDNeon Raver
0%
OasisNeon Thrills
0%
DashTYNeptunarium
0%
cometfaceNEW LIGHT
0%
InergyNewVille
0%
LightningSLNew Year
0%
NASHIINock
0%
OSIRIS GDnock em
0%
ItzMezzoNoises
0%
DeniPolNormDanchik in JSB
0%
Zafkiel7Nostale
0%
MistFixnull404
0%
spuddlesObsolete
0%
SziluOctarine
0%
epiclightOdyssey
0%
V9LTohhh my gloww
0%
ZhakOlympic Faith
0%
TeamUprisingOn My Own
0%
NogZOpthalmoscope
0%
KlaurosssSOriginal Version
0%
SleyGDOutbreak
0%
RadiationV2Overcharged
0%
R4NGERPABRIK
0%
EpxaPalette
0%
CUBICCCPapiroflexium
0%
charkyParanoid Android
0%
shodai1128PARTYSIRENS
0%
TexicParty Time
0%
GalzoPERIHELION
0%
GlittershroomPhantasm
0%
danerdoggerPhase 2
0%
G3ingoPimpa
0%
LyriakiPlanet Bleed
0%
ellninjaplayground
0%
Djdvd17Plevel
0%
LemonsPoint Blank
0%
Usermatt18Popsicle
0%
VapenPrickly Pear
0%
Manix648Primal Redux
0%
ILRELLPrism Break
0%
Hyper314Propel
0%
LemonsProximity
0%
manu123890Pulverize
0%
CastriXPURPLE SPLASH
0%
DarwinQuantum Variations
0%
Kazeyquazillion
0%
Usermatt18Radioactive
0%
DarwinRadioCutter
0%
dashiell10Rainbow Corridor
0%
CatronixGDRANYER
0%
DorFlayGDRaxsi
0%
gecko0Rebirth
0%
DesumariReconfigurate
0%
MojitozReflective
0%
8uuaReinvention
0%
ArbRemnants
0%
zDriftRender
0%
WerewolfGDRenenwolf
0%
ViralDLRepentless
0%
ChlorinesRepulsion
0%
HTigerzGDResoust
0%
AlrexXRetroActive
0%
CodexRetrograde
0%
GekouRetrominator
0%
Sparkle224Retrospective
0%
PoIsEn324Return Of Darkness
0%
1374Reversion
0%
JacobROsoRewired
0%
ShocksidianrorriM
0%
CustiROTTEN VALE
0%
TroxxP1Ruta del Sol
0%
sgamSaghamY
0%
OSIRIS GDSAKKARA
0%
f3lixsramSamourai
0%
RawinScreen Punk
0%
GhotstavShadows of Dawn
0%
MrLorenzoShambolic
0%
BlueRimzShaolin Showdown
0%
motleyorcShiFt
0%
TchotchkeShinkansen
0%
WerewolfGDShreyas
0%
DanolexShuriken
0%
ThomartinShutterPoint
0%
Nicki1202Silhouette Summit
0%
ZubwaRSilky Chaos
0%
AgilsSilverize
0%
skywalker14since i met you
0%
ChaSeSleepless
0%
vismuthSleepwalker
0%
PuuedsSoar
0%
vit12solemnity
0%
ItzMezzoSounds
0%
WoomSpectrum Blast
0%
KebabboSpeedoru
0%
victorinoxXSpherio
0%
TheTrueEclipseSpin Cycle
0%
BySellingSplit Dimension
0%
TheTrueEclipseStadium Seating
0%
J0eyOnGDStarboom
0%
HorneetStarlight Bloom
0%
DominusStar Party
0%
GMDDEEPSPACEstarShip Showdown
0%
CarlosArt16Star World
0%
cornfungiSteel Nightmares
0%
PotatoBabyStereo
0%
CastriXStereo System
0%
EmpikaStill Life
0%
MarwecStormbringer
0%
JirkStrike Squad
0%
FreakyLibyastylish
0%
SubwooferSubmerged
0%
StarbomSunken Polis
0%
DoujoSupreme
0%
WerewolfGDSwift Horizon
0%
OSIRIS GDsytrus
0%
DarwinTechnitiuM
0%
GirlyAle02TechnoLaser
0%
Manix648Tectonic Blitz
0%
MrLorenzoTeknold Blast
0%
TerronTemporium
0%
GounsTerminal Drachen
0%
AgilsThanos
0%
FaunThauma
0%
nahuel2998The 29
0%
PatchimatorThe Contrivance
0%
WhirlThe Devourer
0%
ItsersonThe DonatoX
0%
FlacoGDThe Dread Bots
0%
shaggy23The Last Treasure
0%
xyunsTHE LAUNCH
0%
stratos2596The Overseers II
0%
NottusThermo Speed
0%
VilmsThe Router
0%
WakySkyTHE SUN VANISHED
0%
J735The Thing
0%
Carnage37The Toad Empire
0%
KnotsThresholD
0%
DanzmenTiBuTi
0%
iMinAYTill Late
0%
OSIRIS GDTime flies
0%
AbstractDarkTime Warp
0%
TeamUprisingTo The Core
0%
Alex112300Toxitic Mash
0%
TeamUprisingTranquil Sublimity
0%
JHYMHMHYTrtureD HearT
0%
MikeWheelerFanTurbo Fury
0%
WintterTuSOvKa KreVetKa
0%
SleyGDTwist it
0%
CirtraxTwo the Top
0%
Selskiy KotTyryzh
0%
Nacho21Ultimo universo
0%
icewitherUmiogen
0%
Alfred PKNessUnder Construction
0%
KivvviUnderground
0%
BluzzeUniverse
0%
DangerKatUNLIMITED
0%
gatitos0w0Unstoppable
0%
NightlexUnworthy
0%
EnZoreUproar
0%
shrympoValwec
0%
MatthewMWVehement Radiance
0%
jacr360Velocity II
0%
AdialeVibrant
0%
JeadyVibrant Factory
0%
MazlVictoire
0%
RawinVideo Game Maniac
0%
cordeauxviolet glint
0%
SleyGDVirtual reality
0%
MikeWheelerFanVociferous Energy
0%
TheTrueEclipseVolatile
0%
LixarsWarp
0%
thexxuserweaves of origin
0%
DesumariWelder
0%
RehanZWhat comes in mind
0%
ZachLyWorkzone
0%
Gachristian1Wubister II
0%
DarwinWynn
0%
MangosteenXanadu
0%
Whippie37XenoFrame
0%
MagpipeXin Chao
0%
Komatic5Xtari I
0%
Elisioneyeet of dOOM
0%
VrymerYOQUIERO
0%
GiaMmiXZagato
0%
ExIIImEZENITH
0%
IvashkaUAzhen shen
0%
skywalker14zodiac shift
0%

Score Distribution

Percentile by Number Answered

Percent of People with Each Score

Your Score History

You have not taken this quiz since the last reset